000
00307nam a22001337a 4500
008
171202b xxu||||| |||| 00| 0 eng d
020
_a
9780125004527
041
_a
eng
080
_a
004
100
_a
29
101
_a
SHKI
245
_a
INTRODUCTION TO MULTIMEDIA SYSTEMS
_c
BHATNAGER, G
942
_2
udc
_c
BK
999
_c
38725
_d
38725